Pensamiento político de la emancipación /
Đã lưu trong:
| Những tác giả chính: | , |
|---|---|
| Định dạng: | Không biết |
| Ngôn ngữ: | Spanish |
| Được phát hành: |
Venezuela :
Biblioteca Ayacucho,
1977.
|
| Phiên bản: | 1 edición |
| Loạt: | (Ayacucho ;
23) |
| Những chủ đề: | |
| Các nhãn: |
Thêm thẻ
Không có thẻ, Là người đầu tiên thẻ bản ghi này!
|
MARC
| LEADER | 000000000a22000000004500 | ||
|---|---|---|---|
| 001 | 012918 | ||
| 041 | 0 | |a spa | |
| 082 | 0 | 4 | |a 980.02 |b P418p |
| 100 | 1 | |a Romero, José Luis, |d 1909-1977 | |
| 100 | 1 | |a Romero, Luis Alberto | |
| 245 | 1 | 0 | |a Pensamiento político de la emancipación / |c José Luis Romero, Luis Alberto Romero. |
| 250 | |a 1 edición | ||
| 260 | 1 | |a Venezuela : |b Biblioteca Ayacucho, |c 1977. | |
| 300 | |a 324 páginas | ||
| 490 | 1 | |a (Ayacucho ; |v 23) | |
| 500 | |a Material disponible en BCMA | ||
| 650 | 4 | |a AMERICA LATINA | |
| 650 | 4 | |a HISTORIA | |
| 650 | 4 | |a HASTA 1830 | |
| 650 | 4 | |a POLITICA | |
| 500 | |a Colección George Yúdice | ||
| 999 | |c 18862 |d 18862 | ||
| 942 | |c BK |h 980.02 P418p |2 z | ||
